Quiz sul Suriname - Statistics

Statistiche generali
  • Questo quiz è stato fatto 472 volte
  • Il punteggio medio è 9 su 14
Statistiche sulle risposte
Hint Risposta % Corretto
Guyana
99%
Paesi confinanti col Suriname Brasile
98%
Francia (Guyana francese)
91%
Il 90% del Suriname è ricoperto da_________, la più alta % di ogni altro paese Foreste
85%
Il Suriname e il Bhutan sono gli unici paesi al mondo che assorbono questa cosa più di quella che emettono Anidride Carbonica
81%
Lingua ufficiale Olandese
81%
Capitale del Suriname Paramaribo
81%
In 1667, l'Inghilterra cedette il Suriname agli olandesi. Cosa ricevettero in cambio gli inglesi? (aiuto: è una grossa città) New York
61%
Moneta del Suriname Dollaro
59%
Il 27% dei Surinamesi discende da lavoratori provenienti da questo paese India
44%
Unico calciatore ad aver vinto la Uefa Champion's League per quattro volte con tre squadre diverse, nato in Suriname Clarence Seedorf
43%
Fiume sulla quale la capitale è stituata Suriname
40%
La maggiore esportazione del Suriname durante il periodo coloniale Zucchero
38%
Termine che indica quella parte della popolazione del Suriname discendente dal traffico di schiavi C{imarroni}
13%
Nessun quiz corrispondente trovato
Distribuzione punteggi
Percentuale di utenti per punteggio
Percentile per numero di risposta
I tuoi punteggi nel tempo
Non hai fatto questo quiz